Un buen diablillo / (Registro nro. 11017)

Detalles MARC
000 -LIDER
fixed length control field 00639nam a22002417a 4500
001 - NÚMERO DE CONTROL
Identificador de número de control 00801
003 - IDENTIFICACDOR DE NÚMERO DE CONTROL
control field DO-SdBNP
005 - DATE AND TIME OF LATEST TRANSACTION
control field 20180206115155.0
007 - CAMPOS FIJOS DE DESCRIPCIÓN FÍSICA
fixed length control field 00801
008 - ELEMENTOS DE LONGITUD FIJA
fixed length control field 160722b 1969 ag||||| |||| 00| 0 spa d
040 ## - FUENTE DE CATALOGACIÓN
Agencia que crea de manera original el registro BPMSU
Idioma de catalogación spa
Agencia que realiza la transcripción BPMSU
092 ## - LOCALLY ASSIGNED DEWEY DECIMAL CALL NUMBER
Número de clasificación xxxxxxx
Número de ítem (Cutter) xxxxxxx
100 1# - ASIENTO PRINCIPAL -- NOMBRE PERSONAL
Nombre personal Segur, Condesa de
245 1# - MENCIÓN DE TITULO
Título Un buen diablillo /
Mención de responsabilidad Condesa de Segur
250 ## - MENCIÓN DE EDICION
Mención de edición 3a ed.
260 ## - PUBLICACIÓN, DISTRIBUCIÓN, ETC. (PIE DE IMPRENTA)
Lugar de publicación, distribución, etc Buenos Aires, Argentina :
Nombre del editor, distribuidor, etc. Difusión,
Fecha de publicación, distribución, etc 1969
300 ## - DESCRIPCIÓN FÍSICA
Extensión 153 p. :
Otros detalles físicos il.,
Dimensiones 18 cm.
490 1# - MENCIÓN DE SERIES
Mención de serie Mujercitas
Volume/sequential designation 6
830 #0 - ASIENTO SECUNDARIO DE SERIE--TÍTULO UNIFORME
Título uniforme Mujercitas
Número de la parte o sección de una obra 6
942 ## - ADDED ENTRY ELEMENTS (KOHA)
Source of classification or shelving scheme Dewey Decimal Classification
Koha item type Libros
945 ## - INFORMACIÓN DE PROCESAMIENTO LOCAL
Información de procesamiento local inventariado, 2018 / dg
956 ## - LOCAL ELECTRONIC LOCATION AND ACCESS (OCLC)
Nombre de host BTAVÁREZ
Número de acceso 10
Información de compresión 20162207
Trayectoria 00801
Existencias
Withdrawn status Lost status Source of classification or shelving scheme Damaged status Not for loan Home library Current library Date acquired Source of acquisition Total Checkouts Barcode Date last seen Price effective from Koha item type
    Dewey Decimal Classification     Biblioteca Pública Metropolitana Salomé Ureña Biblioteca Pública Metropolitana Salomé Ureña 07/22/2016 Donación   BPMSU16070642 07/22/2016 07/22/2016 Libros